[Event "Perth op"]
[Site "Perth"]
[Date "2023.01.06"]
[Round "7"]
[White "De Rooy, Jack"]
[Black "Stokes, Mark"]
[Result "0-1"]
[WhiteElo "1242"]
[BlackElo "1569"]
[PlyCount "66"]
[EventDate "2023.01.02"]
[EventType "swiss"]
[EventRounds "11"]
[EventCountry "AUS"]
[SourceTitle "CBM 212 Extra"]
[Source "ChessBase"]
[SourceDate "2023.03.31"]
[SourceVersion "1"]
[SourceVersionDate "2023.03.31"]
[SourceQuality "1"]

1. d4 f5 2. c4 Nf6 3. Nf3 e6 4. g3 d6 5. Bg2 Be7 6. 0-0 0-0 7. Nc3 Qe8 8. Re1 Qg6 9. Qc2 Nc6 10. a3 a5 11. e4 e5 12. dxe5 dxe5 13. Bg5 fxe4 14. Bxf6 Bxf6 15. Qxe4 Bf5 16. Qd5+ Kh8 17. Qb5 e4 18. Nd2 Nd4 19. Qa4 e3 20. Nde4 exf2+ 21. Kxf2 Bxe4 22. Nxe4 Nc6 23. Kg1 Bxb2 24. Rab1 Bd4+ 25. Kh1 Rab8 26. Rb5 Ne5 27. Rd5 Nc6 28. Rg5 Qe6 29. Qd1 Qxc4 30. Nd2 Qc3 31. Bxc6 Qxc6+ 32. Qf3 Rxf3 33. Nxf3 Qxf3# 0-1

[Event "Perth op"]
[Site "Perth"]
[Date "2023.01.05"]
[Round "6"]
[White "Allison, Brian C"]
[Black "De Rooy, Jack"]
[Result "0-1"]
[WhiteElo "1624"]
[BlackElo "1242"]
[PlyCount "82"]
[EventDate "2023.01.02"]
[EventType "swiss"]
[EventRounds "11"]
[EventCountry "AUS"]
[SourceTitle "CBM 212 Extra"]
[Source "ChessBase"]
[SourceDate "2023.03.31"]
[SourceVersion "1"]
[SourceVersionDate "2023.03.31"]
[SourceQuality "1"]

1. f4 d5 2. e3 Nf6 3. Nf3 e6 4. Be2 Bd6 5. b3 Bd7 6. Bb2 c5 7. Ne5 Nc6 8. 0-0 Qc7 9. d4 0-0 10. Nd2 Ne4 11. c4 Nxd2 12. Qxd2 cxd4 13. exd4 dxc4 14. Bxc4 Nxe5 15. fxe5 Be7 16. Rac1 Qd8 17. Qf2 Bc6 18. Rc3 Bh4 19. Qf4 Qg5 20. g3 Qxf4 21. gxf4 Rac8 22. Rh3 Be7 23. Bd3 g6 24. Kf2 Bd5 25. Rg1 Rc7 26. Ke3 Rfc8 27. Kd2 Bb4+ 28. Ke3 a5 29. Rgg3 a4 30. Ke2 a3 31. Bxa3 Bxa3 32. f5 exf5 33. Bxf5 Be6 34. Bxe6 fxe6 35. Rh4 Rc2+ 36. Kd3 R8c3+ 37. Ke4 Re2+ 38. Kf4 Bc1+ 39. Kg4 Re4+ 40. Kh3 Rxg3+ 41. hxg3 Rxh4+ 0-1

[Event "Perth op"]
[Site "Perth"]
[Date "2023.01.04"]
[Round "4"]
[White "De Rooy, Jack"]
[Black "Cadag, Herbert"]
[Result "0-1"]
[WhiteElo "1242"]
[BlackElo "1557"]
[PlyCount "70"]
[EventDate "2023.01.02"]
[EventType "swiss"]
[EventRounds "11"]
[EventCountry "AUS"]
[SourceTitle "CBM 212 Extra"]
[Source "ChessBase"]
[SourceDate "2023.03.31"]
[SourceVersion "1"]
[SourceVersionDate "2023.03.31"]
[SourceQuality "1"]

1. d4 Nf6 2. Bf4 d5 3. Nf3 h6 4. e3 Bg4 5. Nbd2 e6 6. Be2 Bd6 7. Bxd6 cxd6 8. 0-0 Nc6 9. c3 g5 10. Qb3 Qe7 11. Bb5 0-0 12. Rfe1 Bf5 13. Rad1 Rab8 14. Nf1 Ne4 15. Ng3 g4 16. Nxf5 exf5 17. Nd2 Qe6 18. Bd3 Nxd2 19. Rxd2 f4 20. Rdd1 f3 21. e4 Qf6 22. exd5 Ne7 23. Be4 Ng6 24. Bxg6 Qxg6 25. Re7 Rfe8 26. Rxe8+ Rxe8 27. Rf1 fxg2 28. Kxg2 h5 29. c4 h4 30. Qc3 Re2 31. Re1 Qe4+ 32. Kf1 h3 33. Qa5 Rxf2+ 34. Kxf2 Qf3+ 35. Kg1 Qg2# 0-1